LDR 00776naa#a2200181#i#450# 001 EN\\bibl\122449 005 20260513162653.3 011 ## _a2414-3995 100 ## _a20260311b2026####ek#y0engy0150####ca 102 ## _aRU 200 1# _aTransformation of the Russian Federation’s maritime logistics in the context of economic sanctions by the collective West _eJournal article 210 1# _aMoscow _cMoscow University of the Ministry of Internal Affairs of Russia named after V.Ya. Kikot _d2026 215 ## _a6 с. 608 ## _aJournal article _2local 675 ## _aМошенничество. Злоупотребление доверием. Неуплата по счету. 343.721 _z 700 #1 _aTokolov _gAleksandr Vladimirovich 700 #1 _aIsaev _gArtem Yur'evich 856 4# _amosumvd.editorum.ru _u